Atlas of the newborn. 2, Low-birth-weight babies. (Record no. 3235)

000 -LEADER
fixed length control field 00567nam a22001817a 4500
003 - CONTROL NUMBER IDENTIFIER
control field OSt
005 - DATE AND TIME OF LATEST TRANSACTION
control field 20210902091615.0
008 - FIXED-LENGTH DATA ELEMENTS--GENERAL INFORMATION
fixed length control field 210902b ||||| |||| 00| 0 eng d
020 ## - INTERNATIONAL STANDARD BOOK NUMBER
International Standard Book Number -
040 ## - CATALOGING SOURCE
Transcribing agency ALUPE UNIVERSITY
050 ## - LIBRARY OF CONGRESS CALL NUMBER
Classification number RJ281
Item number .O36 1975
245 ## - TITLE STATEMENT
Title Atlas of the newborn. 2, Low-birth-weight babies.
Statement of responsibility, etc. By Neil OʹDoherty.
260 ## - PUBLICATION, DISTRIBUTION, ETC.
Place of publication, distribution, etc. London :
Name of publisher, distributor, etc. Roche Products.,
Date of publication, distribution, etc. c1975.
300 ## - PHYSICAL DESCRIPTION
Extent 62 pages : color plates
440 ## - SERIES STATEMENT/ADDED ENTRY--TITLE
Title Atlas of the newborn, 2
650 ## - SUBJECT ADDED ENTRY--TOPICAL TERM
Topical term or geographic name entry element Newborn infants. Infant, Newborn. Infant, Low Birth Weight.
942 ## - ADDED ENTRY ELEMENTS (KOHA)
Source of classification or shelving scheme
Koha item type References
Suppress in OPAC JO
Holdings
Withdrawn status Lost status Source of classification or shelving scheme Damaged status Not for loan Permanent Location Current Location Shelving location Date acquired Source of acquisition Total Checkouts Full call number Barcode Date last seen Price effective from Koha item type Public note
          AU LIBRARY AU LIBRARY Open Shelf 02.09.2021 DONATION FROM MOI UNIVERSITY   REF RJ281 .O36 1975 28004558 02.09.2021 02.09.2021 References JO

Powered by Koha